<?xml version="1.0" encoding="UTF-8"?>
<record
    xmlns:xsi="http://www.w3.org/2001/XMLSchema-instance"
    xsi:schemaLocation="http://www.loc.gov/MARC21/slim http://www.loc.gov/standards/marcxml/schema/MARC21slim.xsd"
    xmlns="http://www.loc.gov/MARC21/slim">

  <leader>01492nam a2200229 a 4500</leader>
  <controlfield tag="001">000005887</controlfield>
  <controlfield tag="005">20200929151827.0</controlfield>
  <controlfield tag="008">090824s2006    dr            001 0 spa d</controlfield>
  <datafield tag="040" ind1=" " ind2=" ">
    <subfield code="a">DO-SdBNP</subfield>
    <subfield code="b">spa</subfield>
    <subfield code="c">BNPHU</subfield>
  </datafield>
  <datafield tag="082" ind1=" " ind2=" ">
    <subfield code="a">345.05</subfield>
    <subfield code="b">T289u</subfield>
  </datafield>
  <datafield tag="100" ind1="1" ind2=" ">
    <subfield code="a">Tena de Sosa, F&#xE9;lix Mar&#xED;a</subfield>
    <subfield code="9">16592</subfield>
  </datafield>
  <datafield tag="245" ind1="1" ind2="0">
    <subfield code="a">Una aproximaci&#xF3;n humanista al derecho de defensa en el proceso penal dominicano /</subfield>
    <subfield code="c">F&#xE9;lix Mar&#xED;a Tena de Sosa.</subfield>
  </datafield>
  <datafield tag="260" ind1=" " ind2=" ">
    <subfield code="a">Santo Domingo :</subfield>
    <subfield code="b">Comisionado de Apoyo a la Reforma y Modernizaci&#xF3;n de la Justicia,</subfield>
    <subfield code="c">2006.</subfield>
  </datafield>
  <datafield tag="300" ind1=" " ind2=" ">
    <subfield code="a">76 p. ;</subfield>
    <subfield code="c">22 cm.</subfield>
  </datafield>
  <datafield tag="504" ind1=" " ind2=" ">
    <subfield code="a">Incluye bibliograf&#xED;a y notas al pie de p&#xE1;ginas.</subfield>
  </datafield>
  <datafield tag="505" ind1="0" ind2=" ">
    <subfield code="g">Presentaci&#xF3;n /</subfield>
    <subfield code="r">C&#xE9;sar Pina Toribio --</subfield>
    <subfield code="g">Introducci&#xF3;n --</subfield>
    <subfield code="t">Regulaci&#xF3;n de la justicia penal --</subfield>
    <subfield code="t">El derecho de defensa en un Estado de derecho --</subfield>
    <subfield code="t">Concepto jur&#xED;dico de defensa --</subfield>
    <subfield code="t">G&#xE9;nesis del derecho de defensa --</subfield>
    <subfield code="t">Defensa material y defensa t&#xE9;cnica --</subfield>
    <subfield code="t">El derecho de defensa como garant&#xED;a de verdad --</subfield>
    <subfield code="t">La declaraci&#xF3;n del imputado como medio de defensa --</subfield>
    <subfield code="t">La igualdad y el derecho de defensa --</subfield>
    <subfield code="t">Importancia de la defensa p&#xFA;blica en una sociedad desigual --</subfield>
    <subfield code="g">A modo de conclusi&#xF3;n.</subfield>
  </datafield>
  <datafield tag="586" ind1=" " ind2=" ">
    <subfield code="a">Primer lugar Concurso Nacional de Ensayos sobre el C&#xF3;digo Procesal Penal en el marco del II aniversario de la Reforma Procesal Penal.</subfield>
  </datafield>
  <datafield tag="590" ind1=" " ind2=" ">
    <subfield code="a">Inventariado,2018/DG</subfield>
  </datafield>
  <datafield tag="650" ind1=" " ind2="4">
    <subfield code="a">Defensa (procedimiento penal)</subfield>
    <subfield code="z">Rep&#xFA;blica Dominicana</subfield>
    <subfield code="9">16593</subfield>
  </datafield>
  <datafield tag="650" ind1=" " ind2="4">
    <subfield code="a">Procedimiento penal</subfield>
    <subfield code="z">Rep&#xFA;blica Dominicana</subfield>
    <subfield code="9">14474</subfield>
  </datafield>
  <datafield tag="910" ind1=" " ind2=" ">
    <subfield code="a">Validado. Control de calidad EMS</subfield>
  </datafield>
  <datafield tag="952" ind1=" " ind2=" ">
    <subfield code="0">0</subfield>
    <subfield code="1">0</subfield>
    <subfield code="7">1</subfield>
    <subfield code="8">PD</subfield>
    <subfield code="a">PD</subfield>
    <subfield code="b">PD</subfield>
    <subfield code="c">HD</subfield>
    <subfield code="d">2009-08-24</subfield>
    <subfield code="i">LF1</subfield>
    <subfield code="l">0</subfield>
    <subfield code="o">345.05 T289u</subfield>
    <subfield code="p">5887-10</subfield>
    <subfield code="r">2020-06-25</subfield>
    <subfield code="w">2020-06-25</subfield>
    <subfield code="y">LFPD</subfield>
    <subfield code="Z">No se presta</subfield>
  </datafield>
  <datafield tag="999" ind1=" " ind2=" ">
    <subfield code="c">5683</subfield>
    <subfield code="d">5683</subfield>
  </datafield>
</record>
